| 000 | 00497nam a2200181Ia 4500 | ||
|---|---|---|---|
| 008 | 240925s9999 xx 000 0 und d | ||
| 020 | _aNA | ||
| 082 | _a612.8 DEN | ||
| 100 | _aHoward, Demuth - | ||
| 245 | 0 | _aNeural Network: toolbox for use matlab users guide | |
| 250 | _aNA | ||
| 260 |
_aCalifornia: _bThe Math work inc _c,1992. |
||
| 300 |
_axii,304p. _bNA _fOriginal |
||
| 500 | _aIncludes Index | ||
| 600 | _aHumanities & Natural Science | ||
| 650 | _aMedicine and health | ||
| 942 | _cBK | ||
| 999 |
_c4319 _d4319 |
||